000
00311cam a2200121ua 4500
082
_a
666.0321
_b
OBA/DI
100
_a
Obannon, Loran S .
_9
1525
245
_a
Dictionary of Ceramic Science and Engineering /
250
_a
1 /
260
_a
Newyork :
_b
Plenum Press ,
_c
1984.
300
_a
303 ; .
942
_c
REF
999
_c
10882
_d
10882